| 000 | 01106cam a2200289 i 4500 | ||
|---|---|---|---|
| 999 |
_c200441642 _d59854 |
||
| 003 | TR-AnTOB | ||
| 005 | 20220610085636.0 | ||
| 007 | ta | ||
| 008 | 940413s1963 fr 000 0 eng d | ||
| 035 | _a.b63837572 | ||
| 040 |
_aNz _beng _erda _cNZ1 _dTR-AnTOB |
||
| 041 | 0 | _aeng | |
| 050 | 0 | 4 |
_bK4473.25 _a.O74 1963 |
| 090 |
_aK4473.25 _b.O74 1963 |
||
| 110 | 2 |
_aOrganisation for Economic Co-operation and Development. _bFiscal Committee _9137377 |
|
| 245 | 1 | 0 |
_aDraft double taxation convention on income and capital : _breport of the O.E.C.D. Fiscal Committee, 1963 _cOrganization for Economic Cooperation and Development. |
| 246 | 3 | _aDraft Convention for the Avoidance of Double Taxation with respect to Taxes on Income and Capital | |
| 264 | 1 |
_aParis : _bOrganisation for Economic Co-operation and Development, _c1963 |
|
| 300 |
_a169 pages : _c24 cm |
||
| 336 |
_2rdacontent _atext _btxt |
||
| 337 |
_2rdamedia _aunmediated _bn |
||
| 338 |
_2rdacarrier _avolume _bnc |
||
| 650 | 0 |
_aDouble taxation _vTreaties _9116649 |
|
| 942 |
_2lcc _cBK |
||